000 00396pab a2200157 454500
008 180718b2013 xxu||||| |||| 00| 0 eng d
100 _aBawane, Jyoti
245 _aOpen educational resources: Pathway to democratize higher education
260 _c2013
300 _ap.3-7,10.
362 _a12 Aug
650 _aHigher education
773 _aUniversity News
908 _aN
909 _a99826
999 _c99825
_d99825